|
|
|
|
| LEADER |
00000nas a22000007a 4500 |
| 005 |
20130503161520.0 |
| 007 |
cr|||| |||| |
| 008 |
130503e2013 it |||||s|||| 00||0 ita d |
| 020 |
|
|
|a 978-88-6611-261-7
|
| 035 |
|
|
|a 11230
|
| 040 |
|
|
|a vLex
|
| 090 |
|
|
|c 4281
|d 4281
|
| 100 |
1 |
0 |
|a Nanna, Gianna Maria
|
| 245 |
1 |
0 |
|a Polizia Giudiziaria e Minori
|b Tecniche di intervento e tutela
|c / Gianna Maria Nanna
|h [Recurso electrn̤ico]
|
| 256 |
|
|
|a Servicio en ln̕ea
|
| 260 |
|
|
|a Bari :
|b Cacucci Editore,
|c 2013
|
| 300 |
|
|
|a 1 Recurso electrn̤ico
|
| 506 |
|
|
|d vLex Global
|d vLex Global (Academic Edition, excluding Law Schools)
|d vLex Global (U.S. Academic Edition, Law Schools)
|d vLex Global (U.S. Academic Edition, excluding Law Schools)
|d vLex Global (Academic Edition, Law Schools)
|a Contenido solo disponible para los productos indicados
|
| 650 |
0 |
4 |
|a Derecho procesal
|z Italia
|
| 650 |
0 |
4 |
|a Menores
|z Italia
|
| 650 |
0 |
4 |
|a Menor de edad penal
|z Italia
|
| 740 |
|
|
|a vLex Libros (Servicio en ln̕ea)
|
| 856 |
|
|
|a Acceso restringido
|u http://www.vlex.com/source/11230
|
| 942 |
|
|
|c BOOK
|
| 999 |
|
0 |
|a Procedure
|